000 00514nam a2200169 a 4500
001 000043967
005 20201002045053.0
008 140512s2002 sp c 000 0 spa d
020 _a8467001852
040 _aDO-SdBNP
_bspa
_cBNPHU
100 1 _aEspada, Arcadi
_971915
245 1 0 _aDiarios. /
_cArcadi Espada.
260 _aMadrid, :
_bEspasa,
_c2002.
300 _a280 p. :
_bretrs. ;
_c22 cm.
500 _aIncluye datos biografícos del autor en la solapa de la portada.
586 _aPremio Espasa, Ensayo
_82002
999 _c43456
_d43456